| 000 | 01045nas a2200313 4500 | ||
|---|---|---|---|
| 001 | BR2011006797 | ||
| 003 | BR-BrBNA | ||
| 005 | 20231205115957.0 | ||
| 007 | ta | ||
| 008 | 230509b bl.|||p| |||| 00| 00por d | ||
| 040 |
_aBR-BrBNA _bpor _cBiblioteca Nacional de Agricultura |
||
| 041 | _a(Pt) | ||
| 072 | _aP10; U10 | ||
| 100 | 1 | _aZanetti, S.S. | |
| 100 | 1 | _aSilva, J.M.A. da | |
| 100 | 1 | _aSousa, E.F.A de | |
| 100 | 1 | _aOliveira, V. de P.S. de | |
| 100 | 1 | _aAlmeida, F.T. de | |
| 100 | 1 | _aSugawara, M.T. | |
| 245 | 1 | _aModelagem hidrológica em microbacia hidrográfica Parte II: Aprimoramento do modelo HidroBacia | |
| 650 | _aTECNOLOGIA DA INFORMAÇÃO | ||
| 650 | _aMODELO DE SIMULAÇÃO | ||
| 650 | _aHIDROLOGIA | ||
| 650 | _aESCOAMENTO | ||
| 773 | 0 |
_tRevista Brasileira de Engenharia Agrícola e Ambiental (Brazil) _xISSN 1807-1929 _g(Jul-Aug 2009), v.13(4) p. 435-442 _wBR2011006797 |
|
| 856 | 4 | 0 | _uhttp://www.scielo.br/pdf/rbeaa/v13n4/v13n4a10.pdf |
| 909 |
_a202311 _bLúcia _c55 _dLúcia Elande |
||
| 942 |
_2AGRIS _n0 _cANA |
||
| 999 |
_c216555 _d216555 |
||